000 00577nam a2200193 a 4500
001 000010369
005 20240412074217.0
008 091006s1996 dr 000 p spa d
040 _aDO-SdBNP
082 _aRD861.44
_bG463g
100 1 _aGil, Orlando
_925381
245 1 0 _aGeografía de ternura /
_cOrlando Gil.
260 _aSanto Domingo :
_bLozano,
_c1996.
300 _a150 p. : ;
_c21 cm.
500 _aIncluye datos biográficos del autor en la contra portada del libro.
650 0 _aPoesía dominicana
_966
650 0 _aLiteratura dominicana.
_967
049 _aBNPD
999 _c10128
_d10128